[Event "EUR Team Ch Debrecen"]
[Site "?"]
[Date "1992.??.??"]
[Round "?"]
[White "Sax, Gyula"]
[Black "Vaganian, Rafael A"]
[Result "1/2-1/2"]
[WhiteElo "2600"]
[BlackElo "2590"]
[PlyCount "45"]
[EventDate "1992.??.??"]
[Source "www.chesslib.no"]
[SourceDate "2004.05.04"]

1. e4 e6 2. d4 d5 3. e5 b6 4. c3 Qd7 5. a4 a5 6. Nf3 Ba6 7. Bxa6 Nxa6 8. O-O h5 9. b3 Nh6 10. c4 Nb4 11. Nc3 Nf5 12. cxd5 Nxd5 13. Ne4 Be7 14. Bg5 Bxg5 15. Nexg5 Rd8 16. Qc1 Qe7 17. Rd1 Kf8 18. Ne4 g6 19. Ra2 Kg7 20. Rc2 Rd7 21. g3 Qd8 22. Rc4 Qe7 23. Qc3 1/2-1/2

[Event "3rd Open"]
[Site "Kolkata IND"]
[Date "2008.03.29"]
[Round "6"]
[White "Sandipan, C."]
[Black "Laznicka, V."]
[Result "1/2-1/2"]
[WhiteElo "2593"]
[BlackElo "2595"]
[PlyCount "111"]
[EventDate "2008.03.24"]
[Source "www.chesslib.no"]
[SourceDate "2004.05.04"]

1. e4 c5 2. Nf3 e6 3. c3 d5 4. e5 Bd7 5. d4 Qb6 6. Be2 cxd4 7. Nxd4 Nc6 8. Nxc6 Bxc6 9. Nd2 Ne7 10. Nf3 Bb5 11. O-O Nc6 12. Bxb5 Qxb5 13. Nd4 Nxd4 14. cxd4 O-O-O 15. Bg5 Re8 16. Qf3 Qd7 17. Bd2 Kb8 18. Rac1 Rc8 19. Rxc8+ Kxc8 20. Rc1+ Kb8 21. Ba5 b6 22. Bd2 Kb7 23. a3 g6 24. g4 h5 25. g5 Rh7 26. h4 Be7 27. Rc2 Rg7 28. Kg2 Rh7 29. Rc3 Bd8 30. Rc2 Be7 31. b3 Rg7 32. a4 a6 33. Rc1 Rh7 34. Rc2 Rg7 35. Qf4 Rh7 36. Bc3 Rg7 37. Re2 Rh7 38. Re3 a5 39. Re2 Ba3 40. Ra2 Qe7 41. Qf6 Qf8 42. Rc2 Be7 43. Qf3 Rh8 44. Bd2 Ba3 45. Qd3 Qe8 46. Ra2 Be7 47. Rb2 Ba3 48. Ra2 Be7 49. Ra1 Qd7 50. Qf3 Rf8 51. Rb1 Qc6 52. Rc1 Qd7 53. Qf4 Ba3 54. Rc2 Rc8 55. Rxc8 Kxc8 56. Qf3 1/2-1/2

[Event "USA (ch)"]
[Site "?"]
[Date "1997.??.??"]
[Round "?"]
[White "Shabalov, A."]
[Black "Seirawan, Y."]
[Result "0-1"]
[WhiteElo "2555"]
[BlackElo "2630"]
[PlyCount "98"]
[EventDate "1997.??.??"]
[Source "ChessBase"]
[SourceDate "1997.06.01"]

1. e4 e6 2. d4 d5 3. e5 b6 4. Bb5+ c6 5. Ba4 b5 6. Bb3 c5 7. c3 Ne7 8. Nf3 Nec6 9. O-O h6 10. Be3 Nd7 11. Nbd2 c4 12. Bc2 b4 13. Ba4 Qc7 14. cxb4 Nxb4 15. a3 Nd3 16. Qc2 Ba6 17. b3 Be7 18. bxc4 dxc4 19. Bxd7+ Kxd7 20. d5 exd5 21. Nd4 Kc8 22. f4 Rb8 23. Rab1 Rb6 24. Kh1 Bc5 25. N2f3 Kb7 26. e6 Ka8 27. f5 Rhb8 28. Rxb6 Rxb6 29. Qa4 f6 30. h3 c3 31. Qa5 Ne5 32. Re1 Nxf3 33. Nxf3 Bxe3 34. Qxd5+ Rb7 35. Nd4 Qg3 36. Nf3 Qc7 37. Nd4 Qg3 38. Nf3 Qc7 39. Nd4 c2 40. Nxc2 Bc5 41. Nb4 Bxb4 42. axb4 Qe7 43. Rd1 Bb5 44. Qf3 Kb8 45. Qf4+ Rc7 46. Rd6 Kc8 47. Qd2 Rc4 48. Qd5 Rc1+ 49. Kh2 Kc7 0-1

[Event "Elista ol (Men)"]
[Site "Elista"]
[Date "1998.10.02"]
[Round "4"]
[White "Peng Xiaomin"]
[Black "Vaganian, Rafael A"]
[Result "1/2-1/2"]
[WhiteElo "2550"]
[BlackElo "2630"]
[PlyCount "99"]
[EventDate "1998.09.29"]
[Source "ChessBase"]
[SourceDate "1998.11.06"]

1. e4 e6 2. d4 d5 3. e5 Qd7 4. c3 b6 5. a4 a5 6. f4 h5 7. Be3 Ne7 8. Nd2 Ba6 9. Bxa6 Nxa6 10. Ne2 Nb8 11. Nf3 Nf5 12. Bf2 Nc6 13. O-O Nce7 14. Qd3 Rc8 15. g3 c5 16. h3 Nc6 17. g4 c4 18. Qc2 hxg4 19. hxg4 Nh6 20. Nh2 f5 21. Kg2 fxg4 22. Nxg4 Qf7 23. Nxh6 Rxh6 24. Rh1 Ne7 25. Rxh6 gxh6 26. Rh1 Kd7 27. Kf3 h5 28. Ng3 Bg7 29. Rxh5 Rf8 30. Qd2 Qg6 31. Rh4 Bh6 32. Be3 Rg8 33. Qh2 Bf8 34. Rh8 Rxh8 35. Qxh8 Nf5 36. Nxf5 Qxf5 37. Kg3 Qg6+ 38. Kf3 Qe4+ 39. Ke2 Be7 40. Qh3 Qd3+ 41. Kf2 Qc2+ 42. Kf3 Qxa4 43. f5 Qd1+ 44. Kf4 Qc2 45. fxe6+ Kc6 46. Kf3 Qe4+ 47. Ke2 Qd3+ 48. Kf2 Qc2+ 49. Kf3 Qe4+ 50. Ke2 1/2-1/2

[Event "57th ch-RUS Qualifier"]
[Site "Tomsk"]
[Date "2004.05.27"]
[Round "5"]
[White "Ulibin, Mikhail"]
[Black "Rustemov, Alexander"]
[Result "0-1"]
[WhiteElo "2579"]
[BlackElo "2593"]
[PlyCount "204"]
[EventDate "2004.05.23"]
[Source "Roberto Alvarez"]
[SourceDate "2004.05.31"]

1. e4 e6 2. d4 d5 3. e5 b6 4. Nf3 Ne7 5. Nc3 Ba6 6. Bxa6 Nxa6 7. O-O Qd7 8. Ne2 Nb8 9. Ng3 Nbc6 10. b3 O-O-O 11. Bb2 Kb7 12. c4 Nf5 13. Qe2 Be7 14. Rad1 g5 15. Ne1 Ng7 16. Nc2 h5 17. Qf3 h4 18. Ne2 Nf5 19. Ne3 Nxe3 20. fxe3 Rhf8 21. cxd5 exd5 22. Qf5 Qxf5 23. Rxf5 f6 24. exf6 Rxf6 25. Rxg5 Re6 26. Rf5 Rxe3 27. Rf2 Bd6 28. Nf4 Ne7 29. Bc1 Re4 30. Ne2 Nc6 31. g3 Rde8 32. Kf1 hxg3 33. hxg3 Nb4 34. Nc3 Rg4 35. Ba3 Rxg3 36. Bxb4 Bxb4 37. Nxd5 Bd6 38. Nf6 Re6 39. Rdd2 Rg6 40. Nd5 Bg3 41. Nf4 Bxf4 42. Rxf4 Rh6 43. Rf7 Rh1+ 44. Kg2 Ree1 45. Rff2 Rh7 46. d5 Rg7+ 47. Kf3 Re8 48. Rd4 Kc8 49. b4 Kd7 50. b5 Re5 51. Rc2 Rf7+ 52. Kg4 Re8 53. Kg5 Rg8+ 54. Kh6 Rf3 55. Kh7 Rg1 56. Rh4 Rgg3 57. Rhc4 Rf7+ 58. Kh6 Kd6 59. a4 Rf8 60. Kh7 Rf1 61. Rh4 Rf7+ 62. Kh6 Rfg7 63. Rhc4 Rg8 64. Kh7 R3g7+ 65. Kh6 Rg4 66. Rc6+ Kxd5 67. Rd2+ Ke5 68. Re2+ Kd4 69. Kh7 R4g7+ 70. Kh6 Kd3 71. Rcc2 Rg3 72. Red2+ Ke4 73. Re2+ Kd5 74. Red2+ Ke6 75. Rc6+ Ke5 76. Kh7 R8g4 77. Re2+ Kd4 78. Rh2 Kd3 79. Rxc7 Rxa4 80. Rh5 Rgg4 81. Rd5+ Rad4 82. Re5 Rge4 83. Rf5 Rf4 84. Re5 Rf3 85. Rxa7 Rh4+ 86. Kg6 Rg4+ 87. Kh5 Rg1 88. Ra3+ Kd4 89. Rxf3 Kxe5 90. Rf8 Kd4 91. Rc8 Rb1 92. Rd8+ Kc4 93. Kg4 Kxb5 94. Kf3 Re1 95. Kf2 Re5 96. Rd1 Kc4 97. Kf3 b5 98. Rc1+ Kd3 99. Kf4 Re4+ 100. Kf3 Re8 101. Rb1 Rf8+ 102. Kg4 Rb8 0-1

[Event "Dordrecht FPO"]
[Site "?"]
[Date "1999.??.??"]
[Round "12"]
[White "Baklan Vladimir"]
[Black "Vaganian Rafael Agred"]
[Result "0-1"]
[WhiteElo "2552"]
[BlackElo "2605"]
[PlyCount "62"]
[EventDate "1999.??.??"]
[Source "www.chesslib.no"]
[SourceDate "2004.05.04"]

1. e4 e6 2. d4 d5 3. e5 b6 4. Nc3 Ba6 5. Nge2 Qd7 6. g3 h5 7. h4 Nh6 8. Bg2 g6 9. O-O Nf5 10. Bg5 Be7 11. Bxe7 Qxe7 12. Re1 Nc6 13. Nf4 O-O-O 14. Nce2 Kb8 15. c3 g5 16. hxg5 Qxg5 17. Nh3 Qg4 18. Nef4 Rdg8 19. Kh2 h4 20. Qxg4 Rxg4 21. Ne2 hxg3+ 22. fxg3 Ne3 23. Bf3 Rg7 24. Neg1 Nc2 25. Kg2 Nxa1 26. Rxa1 Ne7 27. Kf2 Nf5 28. g4 Nh4 29. Be2 Bxe2 30. Nxe2 Rxg4 31. Nhf4 Nf5 0-1

[Event "Chigorin Memorial"]
[Site "Sochi RUS"]
[Date "1977.??.??"]
[Round "?"]
[White "Zaitsev, Igor A"]
[Black "Petrosian, Tigran V"]
[Result "1/2-1/2"]
[WhiteElo "2495"]
[BlackElo "2645"]
[PlyCount "31"]
[EventDate "1977.08.31"]
[Source "www.chesslib.no"]
[SourceDate "2004.05.04"]

1. e4 c5 2. Nf3 e6 3. c3 d5 4. e5 Nc6 5. d4 Qb6 6. a3 c4 7. Nbd2 Bd7 8. g3 Na5 9. Bh3 Ne7 10. O-O g6 11. Rb1 h6 12. Nh4 O-O-O 13. Ng2 Kb8 14. Ne3 Rc8 15. Ng4 Bg7 16. Bg2 1/2-1/2

[Event "EU-chT (Men)"]
[Site "Pula"]
[Date "1997.??.??"]
[Round "4"]
[White "Rozentalis, Eduardas"]
[Black "Stanec, Nikolaus"]
[Result "1-0"]
[WhiteElo "2650"]
[BlackElo "2460"]
[PlyCount "63"]
[EventDate "1997.05.05"]
[Source "ChessBase"]

1. e4 c5 2. Nf3 Nc6 3. c3 e6 4. d4 d5 5. e5 Qb6 6. Be2 Bd7 7. dxc5 Bxc5 8. O-O a5 9. c4 Nge7 10. Nc3 Nd4 11. cxd5 Nxd5 12. Ng5 h6 13. Nge4 Nxe2+ 14. Qxe2 Nxc3 15. bxc3 Bc6 16. Nd6+ Bxd6 17. exd6 Qc5 18. Rd1 O-O 19. Be3 Qe5 20. c4 a4 21. Rab1 a3 22. Qg4 h5 23. Qg3 Qe4 24. Bh6 Qh7 25. Be3 Qc2 26. Bb6 Qxa2 27. d7 Rad8 28. Bc5 Rxd7 29. Bxf8 Kxf8 30. Qb8+ Ke7 31. Rxd7+ Bxd7 32. Rd1 1-0

[Event "Gausdal Int"]
[Site "Gausdal"]
[Date "1991.??.??"]
[Round "6"]
[White "Chekhov, Valery A"]
[Black "Kengis, Edvins"]
[Result "0-1"]
[WhiteElo "2525"]
[BlackElo "2575"]
[PlyCount "114"]
[EventDate "1991.08.??"]
[Source "ChessBase"]

1. d4 e6 2. e4 d5 3. e5 b6 4. c3 Qd7 5. f4 c5 6. Nd2 cxd4 7. cxd4 Nh6 8. Ndf3 Ba6 9. Bxa6 Nxa6 10. Ne2 Bb4+ 11. Kf2 Ng4+ 12. Kg1 h5 13. h3 Nh6 14. g3 O-O-O 15. Qd3 Kb7 16. Be3 Rc8 17. a3 Be7 18. Kg2 Nb8 19. Nc3 Nc6 20. b4 f6 21. Rhc1 Nf5 22. Bf2 Rhg8 23. Ne2 g5 24. exf6 Bxf6 25. fxg5 Bxg5 26. Rc3 Bf6 27. Rac1 Nce7 28. Rxc8 Nxc8 29. Ne5 Bxe5 30. dxe5 Nce7 31. Kh2 Ng6 32. Qc3 Nfe7 33. Bd4 Qb5 34. Qd2 Rc8 35. Rxc8 Kxc8 36. Kg2 Kb7 37. Kf2 Nc6 38. Qg5 Qd3 39. Bb2 d4 40. b5 Qxb5 41. Bxd4 Ngxe5 42. Bxe5 Nxe5 43. Qe7+ Ka6 44. Qxe6 Qc5+ 45. Ke1 Nf3+ 46. Kf1 Ng5 47. Qd7 Qxa3 48. Qc8+ Ka5 49. Qf5+ Qc5 50. Qxc5+ bxc5 51. Nf4 Kb4 52. Ke2 Kb3 53. Kd1 a5 54. Kc1 a4 55. Nxh5 a3 56. Kb1 a2+ 57. Ka1 Ne6 0-1

[Event "Camp. open cittadino"]
[Site "Parigi FRA"]
[Date "2008.07.06"]
[Round "9"]
[White "Rozentalis, E."]
[Black "Lalic, B."]
[Result "0-1"]
[WhiteElo "2582"]
[BlackElo "2514"]
[PlyCount "76"]
[EventDate "2008.06.28"]
[Source "www.chesslib.no"]
[SourceDate "2004.05.04"]

1. e4 c5 2. Nf3 e6 3. c3 d5 4. e5 Nc6 5. d4 Qb6 6. a3 Nh6 7. b4 cxd4 8. cxd4 Nf5 9. Be3 f6 10. exf6 gxf6 11. Bd3 Nce7 12. Nc3 Bg7 13. Bb5+ Kf7 14. O-O Rf8 15. Qd3 Kg8 16. Ba4 Qd8 17. Bc2 Ng6 18. Bd2 Bd7 19. Rae1 Rc8 20. h4 Qc7 21. g3 Bh6 22. Ba4 Bxd2 23. Bxd7 Bxe1 24. Bxe6+ Kh8 25. Rxe1 Qxc3 26. Qxf5 Rce8 27. Kg2 Qc7 28. Qxd5 Qg7 29. Re4 Rxe6 30. Rg4 Qe7 31. h5 Rd8 32. Qb3 Nf8 33. Nh4 Qf7 34. Qf3 f5 35. Rf4 Rf6 36. g4 Ne6 37. Rxf5 Rxf5 38. Nxf5 Ng7 0-1

[Event "Yerevan zt"]
[Site "Yerevan"]
[Date "1982.??.??"]
[Round "6"]
[White "Kuzmin, Gennadi P"]
[Black "Vaganian, Rafael A"]
[Result "1/2-1/2"]
[WhiteElo "2545"]
[BlackElo "2550"]
[PlyCount "21"]
[EventDate "1982.02.??"]
[Source "ChessBase"]

1. e4 e6 2. d4 d5 3. e5 b6 4. Nf3 Qd7 5. Be2 Ba6 6. Bxa6 Nxa6 7. O-O Ne7 8. Qe2 Nb8 9. Rd1 Nbc6 10. Nbd2 Nf5 11. Nf1 1/2-1/2

[Event "MTO"]
[Site "Biel"]
[Date "2004.07.22"]
[Round "4"]
[White "Cherniaev, Alexander"]
[Black "Bauer, Christian"]
[Result "0-1"]
[WhiteElo "2500"]
[BlackElo "2590"]
[PlyCount "64"]
[EventDate "2004.07.19"]
[Source "Roberto Alvarez"]
[SourceDate "2004.08.10"]

1. e4 e6 2. d4 d5 3. e5 Bd7 4. Nf3 a6 5. c4 dxc4 6. Bxc4 Bc6 7. Be3 Nd7 8. Nc3 Nb6 9. Bb3 Ne7 10. O-O h6 11. Qe2 Qd7 12. Rfd1 Ned5 13. Bd2 O-O-O 14. a4 Kb8 15. a5 Nc8 16. Na4 Na7 17. Ne1 Bb5 18. Qf3 f5 19. Nd3 g5 20. Ndc5 Qe8 21. Bc2 Nc6 22. Be1 Nf4 23. Kh1 Bf1 24. Qb3 Bxg2+ 25. Kg1 Bxc5 26. Nxc5 Nxd4 27. Nxa6+ Kc8 28. Rxd4 Rxd4 29. Nb4 Qb5 30. Bc3 Bf3 31. h3 Nxh3+ 32. Kh2 Qxe5+ 0-1

[Event "Corr"]
[Site "?"]
[Date "2001.??.??"]
[Round "?"]
[White "Hofstetter Hans-Joachim"]
[Black "Coleman Peter L"]
[Result "1/2-1/2"]
[WhiteElo "2554"]
[BlackElo "2535"]
[PlyCount "34"]
[EventDate "2001.??.??"]
[Source "www.chesslib.no"]
[SourceDate "2004.05.04"]

1. e4 c5 2. Nf3 e6 3. c3 d5 4. e5 Nc6 5. d4 Bd7 6. Be2 Nge7 7. Na3 cxd4 8. cxd4 Nf5 9. Nc2 Qb6 10. O-O Be7 11. Bd3 Rc8 12. Rb1 Nb4 13. Nxb4 Bxb4 14. Qb3 Ba5 15. Qa3 Bb4 16. Qb3 Ba5 17. Qa3 Bb4 1/2-1/2

[Event "Berliner Sommer"]
[Site "Berlin"]
[Date "1997.??.??"]
[Round "4"]
[White "Golod, Vitali"]
[Black "Baklan, Vladimir"]
[Result "1/2-1/2"]
[WhiteElo "2515"]
[BlackElo "2570"]
[PlyCount "43"]
[EventDate "1997.08.??"]
[Source "ChessBase"]
[SourceDate "1997.09.26"]

1. e4 c5 2. Nf3 Nc6 3. c3 e6 4. d4 d5 5. e5 Qb6 6. Be2 Nh6 7. Bxh6 gxh6 8. Qd2 Bd7 9. O-O Bg7 10. Na3 cxd4 11. cxd4 O-O 12. Nc2 f6 13. exf6 Rxf6 14. b4 Ne7 15. Ne5 Rd8 16. b5 Ng6 17. Nxd7 Rxd7 18. f4 Rc7 19. g3 Rf8 20. Rad1 Ne7 21. Ne3 Kh8 22. Kh1 1/2-1/2

[Event "European Club Cup 2002"]
[Site "?"]
[Date "2002.09.24"]
[Round "3"]
[White "Conquest Stuart"]
[Black "Teske Henrik"]
[Result "1/2-1/2"]
[WhiteElo "2542"]
[BlackElo "2529"]
[PlyCount "82"]
[EventDate "2002.??.??"]
[Source "www.chesslib.no"]
[SourceDate "2004.05.04"]

1. e4 c5 2. Nf3 Nc6 3. c3 e6 4. d4 d5 5. e5 Bd7 6. Be2 Nge7 7. Na3 Nf5 8. Nc2 Be7 9. O-O cxd4 10. cxd4 Qb6 11. g4 Nh4 12. Nxh4 Bxh4 13. f4 f6 14. Kh1 O-O 15. Be3 fxe5 16. dxe5 Qxb2 17. Rb1 Qxa2 18. Rxb7 Rad8 19. Bc5 Rf7 20. Bd6 Be7 21. Bxe7 Rxe7 22. Bd3 Rf8 23. Qd2 Qa4 24. Kg1 a6 25. Rbb1 Nb8 26. Ra1 Qc6 27. Qb4 Ref7 28. Rf2 Qc7 29. Raf1 a5 30. Qa3 Qa7 31. Kg2 Nc6 32. Qd6 Qb8 33. Qc5 g5 34. Nd4 Nb4 35. Bf5 exf5 36. e6 Nd3 37. exf7+ Rxf7 38. Qxd5 Nxf2 39. Rxf2 gxf4 40. gxf5 a4 41. Kh3 Qf8 1/2-1/2

[Event "RUS-ch"]
[Site "Elista"]
[Date "1996.??.??"]
[Round "8"]
[White "Sveshnikov, Evgeny"]
[Black "Fominyh, Alexander"]
[Result "1-0"]
[WhiteElo "2535"]
[BlackElo "2535"]
[PlyCount "82"]
[EventDate "1996.10.15"]
[Source "ChessBase"]

1. e4 c5 2. Nf3 Nc6 3. c3 e6 4. d4 d5 5. e5 Bd7 6. Be2 Nge7 7. Na3 Nf5 8. Nc2 Be7 9. O-O cxd4 10. cxd4 h5 11. b4 Rc8 12. Rb1 a6 13. a4 Qb6 14. b5 axb5 15. Bxb5 Qc7 16. Ne3 Nxe3 17. Bxe3 Na5 18. Bg5 Bxb5 19. Rxb5 Nc4 20. h4 b6 21. Bxe7 Qxe7 22. Ng5 Ra8 23. Rb3 Ra7 24. Qc2 g6 25. Rf3 Rf8 26. Rb1 Qd7 27. Rb4 Rc7 28. Rc3 Kd8 29. Nh7 Rh8 30. Nf6 Qe7 31. Qb3 Rc6 32. Rb5 Qc7 33. a5 Kc8 34. axb6 Qb7 35. Ne4 dxe4 36. Rxc4 Rxc4 37. Qxc4+ Kd7 38. Ra5 Rc8 39. Qb5+ Qc6 40. Ra7+ Kd8 41. Qxc6 Rxc6 1-0

[Event "Asian Cities 13th"]
[Site "Aden"]
[Date "2002.02.11"]
[Round "6"]
[White "Torre, Eugenio"]
[Black "Juswanto, Denny"]
[Result "1/2-1/2"]
[WhiteElo "2536"]
[BlackElo "2516"]
[PlyCount "104"]
[EventDate "2002.02.07"]
[Source "ChessBase"]
[SourceDate "2002.03.14"]

1. e4 c5 2. Nf3 e6 3. c3 d5 4. e5 Nc6 5. d4 Qb6 6. a3 Nge7 7. b4 cxd4 8. cxd4 Nf5 9. Be3 Be7 10. Bd3 Nxe3 11. fxe3 f6 12. exf6 Bxf6 13. Nc3 Bd7 14. Na4 Qd8 15. Nc5 Bc8 16. O-O O-O 17. Ra2 b6 18. Nb3 g6 19. Raf2 Bg7 20. h4 Ne7 21. h5 Nf5 22. hxg6 hxg6 23. Ne5 Qg5 24. Qe2 Bb7 25. Nd2 Bxe5 26. Bxf5 exf5 27. Nf3 Bh2+ 28. Nxh2 Rac8 29. Nf3 Qh5 30. Qd2 Ba6 31. Rc1 Kg7 32. Rxc8 Rxc8 33. g3 Qg4 34. Ne5 Qe4 35. Qe1 Rh8 36. Rh2 Rxh2 37. Kxh2 Qc2+ 38. Kg1 Bb5 39. g4 fxg4 40. Qf2 Qxf2+ 41. Kxf2 Kf6 42. Nxg4+ Kf5 43. Ne5 Be8 44. Nf3 g5 45. Nd2 Bb5 46. Kf3 Bd3 47. Kg3 Bc2 48. Kf3 a5 49. Kg3 axb4 50. axb4 Bd1 51. Nb1 Ke4 52. Nc3+ Kxe3 1/2-1/2

[Event "Pardubice"]
[Site "?"]
[Date "2006.07.28"]
[Round "8.27"]
[White "Laznicka Viktor"]
[Black "Voloshin Leonid"]
[Result "1-0"]
[WhiteElo "2602"]
[BlackElo "2432"]
[PlyCount "107"]
[EventDate "2006.??.??"]
[Source "www.chesslib.no"]
[SourceDate "2004.05.04"]

1. e4 e6 2. d4 d5 3. e5 b6 4. Nf3 Qd7 5. c4 dxc4 6. Bxc4 Ba6 7. Bxa6 Nxa6 8. a3 c6 9. Nc3 Nc7 10. O-O O-O-O 11. b4 Nd5 12. Ne4 Kb8 13. Qb3 f5 14. Ned2 h6 15. Nc4 g5 16. Bd2 Nge7 17. a4 Nc8 18. Rfb1 g4 19. Ne1 h5 20. Nd3 Nc7 21. Bg5 Re8 22. Nc5 Qd5 23. Qc3 Be7 24. Bxe7 Rxe7 25. Ne3 Qd8 26. Nb3 Rd7 27. a5 b5 28. d5 f4 29. Nd4 Ne7 30. d6 fxe3 31. dxe7 exf2+ 32. Kxf2 Qe8 33. Nxc6+ Ka8 34. Qc5 Nd5 35. Rd1 Rc7 36. Rxd5 exd5 37. Rc1 Qd7 38. Qd6 Re8 39. a6 Qf5+ 40. Kg1 Rd7 41. Nd4 Rxd6 42. Nxf5 Re6 43. Ng7 R6xe7 44. Nxe8 Rxe8 45. Rc5 d4 46. Kf2 Kb8 47. Ke2 Re6 48. Kd3 Rxa6 49. Kxd4 Ra2 50. e6 Rd2+ 51. Ke5 Rxg2 52. e7 Kb7 53. Ke6 Re2+ 54. Re5 1-0

[Event "Lazne Bohdanec"]
[Site "Lazne Bohdanec"]
[Date "1994.??.??"]
[Round "7"]
[White "Keitlinghaus, Ludger"]
[Black "Kuporosov, Viktor"]
[Result "1/2-1/2"]
[WhiteElo "2510"]
[BlackElo "2520"]
[PlyCount "95"]
[EventDate "1994.02.??"]
[Source "ChessBase"]

1. e4 c5 2. Nf3 e6 3. c3 d5 4. e5 Nc6 5. d4 Nh6 6. Bd3 cxd4 7. cxd4 Nf5 8. Bxf5 exf5 9. Nc3 Be6 10. h4 h6 11. Ne2 Be7 12. Nf4 Qb6 13. h5 Rc8 14. O-O O-O 15. Re1 Rc7 16. Re2 Rfc8 17. Be3 Qb5 18. Rc1 Na5 19. Rxc7 Rxc7 20. b3 b6 21. Ne1 Nb7 22. Rc2 Rxc2 23. Qxc2 Qd7 24. Nxe6 fxe6 25. g4 Nd8 26. gxf5 exf5 27. Ng2 Bg5 28. Bxg5 hxg5 29. f4 Nf7 30. Qc1 gxf4 31. Qxf4 Nh6 32. Nh4 Qc8 33. Qd2 Kh7 34. Ng6 f4 35. Qxf4 Qc2 36. Ne7 Qb1+ 37. Kg2 Qc2+ 38. Kg3 Qb1 39. Kg2 Qc2+ 40. Kg3 Qb1 41. Qf2 Qe4 42. Qf3 Qxd4 43. Ng6 Qg1+ 44. Kh3 Qg5 45. e6 Nf5 46. e7 Nxe7 47. Nxe7 Qxe7 48. Qf5+ 1/2-1/2

[Event "Kislovodsk"]
[Site "Kislovodsk"]
[Date "1972.??.??"]
[Round "?"]
[White "Hennings, Artur"]
[Black "Suetin, Alexei S"]
[Result "1/2-1/2"]
[WhiteElo "2475"]
[BlackElo "2550"]
[PlyCount "97"]
[EventDate "1972.??.??"]
[Source "www.chesslib.no"]
[SourceDate "2004.05.04"]

1. e4 c5 2. Nf3 e6 3. c3 d5 4. e5 Qb6 5. d4 Bd7 6. Be2 Bb5 7. c4 Bxc4 8. Bxc4 dxc4 9. d5 exd5 10. Qxd5 Ne7 11. Qe4 Qc6 12. Qxc4 Nd7 13. Nc3 Nb6 14. Qe2 Ned5 15. O-O Nxc3 16. bxc3 Be7 17. Bg5 Bxg5 18. Nxg5 O-O 19. f4 f6 20. exf6 Qxf6 21. Rae1 h6 22. Ne4 Qc6 23. f5 Nd7 24. Qc4+ Kh8 25. Qe6 Rae8 26. Qxc6 bxc6 27. Nd6 Re5 28. Rxe5 Nxe5 29. Re1 Rf6 30. Rxe5 Rxd6 31. Rxc5 Rd1+ 32. Kf2 Rd2+ 33. Kf3 Rxa2 34. Rxc6 a5 35. h4 h5 36. f6 gxf6 37. Rxf6 Kg7 38. Rf5 Kh6 39. Rf6+ Kg7 40. Ra6 Rc2 41. Rxa5 Rxc3+ 42. Kf4 Rc4+ 43. Kg3 Rg4+ 44. Kh3 Kh6 45. Re5 Ra4 46. Re2 Ra3+ 47. g3 Rb3 48. Kg2 Ra3 49. Kf2 1/2-1/2

[Event "XXIV Open"]
[Site "Cappelle La Grande FRA"]
[Date "2008.02.16"]
[Round "1"]
[White "Olszewski, Mi"]
[Black "Sandipan, C."]
[Result "1-0"]
[WhiteElo "2430"]
[BlackElo "2593"]
[PlyCount "107"]
[EventDate "2008.02.16"]
[Source "www.chesslib.no"]
[SourceDate "2004.05.04"]

1. e4 c5 2. Nf3 e6 3. c3 d5 4. e5 Nc6 5. d4 Bd7 6. a3 c4 7. Nbd2 Na5 8. g3 Ne7 9. h4 Qb6 10. Bh3 f5 11. exf6 gxf6 12. Rb1 O-O-O 13. O-O Nf5 14. b4 Nc6 15. Re1 Rg8 16. Qc2 Bd6 17. Nf1 Nce7 18. Kh1 h5 19. Ne3 Qc7 20. Nxf5 Nxf5 21. Rg1 Rg7 22. Rb2 Rdg8 23. Qd1 Kb8 24. Re2 Ka8 25. Qc2 Qc8 26. Qd1 Ne7 27. Kh2 Ng6 28. Bh6 Re7 29. Rge1 Qc7 30. Rg1 Rh8 31. Be3 Rhe8 32. Qc2 Rg8 33. Qd1 Qc6 34. Bg2 Ree8 35. Ree1 Qc7 36. Kh1 f5 37. Bh3 Rgf8 38. Bh6 Rh8 39. Bg7 Ba4 40. Qxa4 Qxg7 41. Ng5 e5 42. Bxf5 Qf6 43. Bh3 Re7 44. Qb5 exd4 45. Qxd5 Rxe1 46. Rxe1 Qxf2 47. Re6 Bxg3 48. Bg2 Rb8 49. Re8 Qxg2+ 50. Qxg2 Rxe8 51. Qxg3 dxc3 52. Qxc3 Rc8 53. Ne4 a6 54. Nc5 1-0

[Event "DPMM Isernhagen-Porz"]
[Site "?"]
[Date "2000.01.23"]
[Round "2.2"]
[White "Bangiev Alexander"]
[Black "Vaganian Rafael Agred"]
[Result "1/2-1/2"]
[WhiteElo "2400"]
[BlackElo "2618"]
[PlyCount "137"]
[EventDate "2000.??.??"]
[Source "www.chesslib.no"]
[SourceDate "2004.05.04"]

1. e4 e6 2. d4 d5 3. e5 b6 4. Nh3 Qd7 5. c3 Ne7 6. Nd2 Ba6 7. Bxa6 Nxa6 8. Nf4 g6 9. Nf3 Nb8 10. Nd3 Nbc6 11. O-O h6 12. h3 Bg7 13. Nh2 h5 14. Bg5 Ng8 15. Qd2 Nce7 16. Nf3 Bh6 17. Rfd1 Nf5 18. Qf4 Bxg5 19. Nxg5 Qe7 20. Ne1 O-O-O 21. Nef3 Rf8 22. Rac1 Qd7 23. b3 Kb7 24. c4 c6 25. a4 h4 26. c5 Nge7 27. cxb6 axb6 28. a5 Nc8 29. Ne1 Na7 30. axb6 Kxb6 31. Nd3 Qe7 32. Nc5 Ra8 33. Qd2 Nb5 34. Nf3 Kc7 35. Na4 Ra6 36. Rc5 Rc8 37. Rdc1 Kd8 38. Qd3 Qa7 39. Kh2 Rc7 40. Qd2 Kc8 41. Qf4 Kb8 42. Qd2 Rc8 43. g4 hxg3+ 44. fxg3 Qe7 45. Qd3 Rc7 46. Qe2 Rb7 47. Qd3 Rc7 48. Qd2 Kc8 49. Qf2 g5 50. Qd2 f6 51. g4 Nh4 52. Nxh4 gxh4 53. Qf4 fxe5 54. Qxe5 Qd6 55. Qxd6 Nxd6 56. R5c2 Ne4 57. Kg2 Rb7 58. Rxc6+ Rxc6 59. Rxc6+ Kd7 60. Rb6 Rc7 61. Kf3 Ke7 62. Kf4 Kf6 63. Rb8 Ng5 64. Rh8 Nxh3+ 65. Ke3 Kg5 66. Rg8+ Kf6 67. Rh8 Kg5 68. Rg8+ Kf6 69. Rh8 1/2-1/2

[Event "Warsaw-Buenos Aires-Kolkata Match"]
[Site "Warsaw POL"]
[Date "2007.12.12"]
[Round "2"]
[White "Olszewski, Mi"]
[Black "Sandipan, C."]
[Result "1-0"]
[WhiteElo "2424"]
[BlackElo "2593"]
[PlyCount "127"]
[EventDate "2007.12.11"]
[Source "www.chesslib.no"]
[SourceDate "2004.05.04"]

1. e4 c5 2. c3 e6 3. Nf3 d5 4. e5 Nc6 5. d4 Bd7 6. a3 c4 7. Nbd2 Na5 8. g3 Ne7 9. Bh3 Nc8 10. O-O Nb6 11. Ne1 Ba4 12. Qe2 h5 13. Rb1 Be7 14. f4 g6 15. Ndf3 Qd7 16. Ng5 Bxg5 17. fxg5 Bb3 18. Ng2 Nc6 19. Rf6 O-O-O 20. g4 hxg4 21. Bxg4 Rh7 22. Qf2 Rdh8 23. h4 Qe8 24. Bf4 Ne7 25. Bg3 Nf5 26. Bxf5 gxf5 27. Nf4 Nd7 28. Re1 Nf8 29. Nxd5 Ng6 30. Rxg6 fxg6 31. Nf6 Qb5 32. d5 Qb6 33. Nxh7 Rxh7 34. Qxb6 axb6 35. dxe6 Re7 36. Re2 Rxe6 37. Rd2 Ba4 38. Rd4 b5 39. Rd2 Re8 40. Rd6 Bc2 41. Bf4 Rg8 42. Be3 Rd8 43. Rf6 f4 44. Bxf4 Kd7 45. Be3 Re8 46. Rd6+ Ke7 47. Bc5 Rc8 48. Bb4 Ke8 49. Rf6 Kd7 50. e6+ Kc6 51. Rf4 Bf5 52. Rd4 Rh8 53. e7 Bd7 54. Rd6+ Kc7 55. Rxg6 Rxh4 56. Ba5+ b6 57. Bxb6+ Kb7 58. Bc5 Re4 59. Rg8 Kc6 60. Bb4 Kd5 61. g6 Re6 62. g7 Rg6+ 63. Kf2 Kc6 64. Rc8+ 1-0

[Event "Catania Open"]
[Site "Cattolica ITA"]
[Date "1994.??.??"]
[Round "7"]
[White "Sax, Gyula"]
[Black "Rausis, Igors"]
[Result "1/2-1/2"]
[WhiteElo "2520"]
[BlackElo "2495"]
[PlyCount "25"]
[EventDate "1994.??.??"]
[Source "www.chesslib.no"]
[SourceDate "2004.05.04"]

1. e4 e6 2. d4 d5 3. e5 b6 4. c3 Qd7 5. a4 Ba6 6. Bxa6 Nxa6 7. a5 b5 8. b4 O-O-O 9. Nf3 Ne7 10. Na3 f6 11. h4 h5 12. Qd3 c6 13. Bf4 1/2-1/2

[Event "Moscow ol (Men)"]
[Site "Moscow"]
[Date "1994.??.??"]
[Round "2"]
[White "Grosar, Aljosa"]
[Black "Zvjaginsev, Vadim"]
[Result "1/2-1/2"]
[WhiteElo "2430"]
[BlackElo "2585"]
[PlyCount "83"]
[EventDate "1994.11.??"]
[Source "ChessBase"]

1. e4 c5 2. Nf3 e6 3. c3 d5 4. e5 Nc6 5. d4 Bd7 6. dxc5 Bxc5 7. b4 Bb6 8. b5 Nce7 9. Bd3 Nh6 10. Bxh6 gxh6 11. Qd2 Qc7 12. O-O Ng6 13. Re1 O-O-O 14. a4 Kb8 15. Qxh6 Rdf8 16. Ra2 f6 17. Bxg6 hxg6 18. Qf4 fxe5 19. Qxe5 Rh5 20. Qxc7+ Bxc7 21. c4 dxc4 22. Rc2 Bxh2+ 23. Nxh2 Rfh8 24. f3 Rxh2 25. Nd2 Rh1+ 26. Kf2 Rxe1 27. Kxe1 e5 28. Rxc4 Rh2 29. g4 a6 30. bxa6 bxa6 31. Re4 Bc6 32. Rxe5 Bxa4 33. Re6 Bb5 34. Ne4 Re2+ 35. Kd1 Re3 36. Rxg6 Rxf3 37. Nc5 Kc7 38. Nxa6+ Bxa6 39. Rxa6 Rg3 40. Rg6 Kd7 41. Ke2 Ke7 42. Kf2 1/2-1/2